| Tag |
First Indicator |
Second Indicator |
Subfields |
| LEADER |
00000cam a2200000 i 4500 |
| 001 |
in00004640539 |
| 006 |
m o d |
| 007 |
cr ||||||||||| |
| 008 |
210609s1992 onca ob 000 0 eng d |
| 005 |
20230110224603.3 |
| 035 |
|
|
|a (OCoLC)on1255571468
|
| 040 |
|
|
|a HUA
|b eng
|e rda
|e pn
|c HUA
|d HUA
|d OCLCO
|d OCLCF
|d OCLCO
|
| 020 |
|
|
|a 9781523131020
|q (electronic bk.)
|
| 020 |
|
|
|a 1523131020
|q (electronic bk.)
|
| 035 |
|
|
|a (OCoLC)1255571468
|
| 050 |
|
4 |
|a TA660.T34
|b S55 1992
|
| 082 |
0 |
4 |
|a 628.13
|2 23
|
| 049 |
|
|
|a TXAM
|
| 100 |
1 |
|
|a Shirouzu, Tsukasa,
|e author.
|
| 245 |
1 |
0 |
|a Application of impressed current cathodic protection to stainless steel hot-water storage tanks /
|c by Tsukasa Shirouzu.
|
| 264 |
|
1 |
|a Toronto, Ont. :
|b Nickel Development Institute,
|c 1992.
|
| 300 |
|
|
|a 1 online resource (9 pages) :
|b illustrations
|
| 336 |
|
|
|a text
|b txt
|2 rdacontent
|
| 337 |
|
|
|a computer
|b c
|2 rdamedia
|
| 338 |
|
|
|a online resource
|b cr
|2 rdacarrier
|
| 490 |
1 |
|
|a NiDI technical series ;
|v no. 10 065
|
| 504 |
|
|
|a Includes bibliographical references (page 9).
|
| 520 |
|
|
|a This publication investigated the optimum conditions of cathodic protection - protective potential, current density, current distribution, and electrode positions for SUS304 (type 304, UNS S30408) stainless steel tanks in the anticipated corrosive environment, and have studied the application of an impressed current cathodic protection.
|
| 650 |
|
0 |
|a Tanks
|x Corrosion.
|
| 650 |
|
0 |
|a Cathodic protection.
|
| 650 |
|
6 |
|a Réservoirs (Récipients)
|x Corrosion.
|
| 650 |
|
6 |
|a Protection cathodique.
|
| 650 |
|
7 |
|a Cathodic protection.
|2 fast
|0 (OCoLC)fst00849115
|
| 650 |
|
7 |
|a Tanks
|x Corrosion.
|2 fast
|0 (OCoLC)fst01142765
|
| 655 |
|
7 |
|a Electronic books.
|2 local
|
| 710 |
2 |
|
|a Knovel (Firm)
|
| 710 |
2 |
|
|a Nickel Development Institute (Canada)
|
| 776 |
0 |
8 |
|i Print version:
|a Shirouzu, Tsukasa.
|t Application of impressed current cathodic protection to stainless steel hot-water storage tanks
|
| 830 |
|
0 |
|a Technical series (Nickel Development Institute (Canada)) ;
|v no. 10 065.
|
| 856 |
4 |
0 |
|u http://proxy.library.tamu.edu/login?url=https://app.knovel.com/hotlink/toc/id:kpAICCPSS1/application-of-impressed?kpromoter=marc
|z Connect to the full text of this electronic book
|t 0
|
| 955 |
|
|
|a Knovel ebooks
|
| 994 |
|
|
|a 92
|b TXA
|
| 999 |
f |
f |
|s 741ffe0d-0eeb-4f5a-aff1-1f0b112ecda4
|i 5620d0d9-3f6b-42b3-80c9-1eb90624939d
|t 0
|
| 952 |
f |
f |
|a Texas A&M University
|b College Station
|c Electronic Resources
|d Available Online
|t 0
|e TA660.T34 S55 1992
|h Library of Congress classification
|
| 998 |
f |
f |
|a TA660.T34 S55 1992
|t 0
|l Available Online
|